| 000 | 01794nam a2200253Ia 4500 | ||
|---|---|---|---|
| 003 | Ost | ||
| 005 | 20260507075637.0 | ||
| 008 | 260507s9999||||xx |||||||||||||| ||und|| | ||
| 020 | _a9775621879 | ||
| 040 | _cfsecg | ||
| 041 | _aara | ||
| 082 | _a658.3 | ||
| 100 |
_aماكجي، آن _eمؤلف |
||
| 245 | 0 |
_aالتفكير الإيجابي : _bأسرار التفكير الإيجابي في حياة رجل أعمال ناجح / _c آن ماكجي |
|
| 260 |
_aالقاهرة: _bمركز الخبرات المهنية للادارة, _c2000 |
||
| 300 |
_a192 صفحة؛ _bإيضاحات ؛ _c24 سم |
||
| 490 | _aبميك،22 | ||
| 520 | _aالمعتقدات الخاطئة لدينا عن الطاقة والأفكار الخرافية التي تبدد طاقتنا و التطرق الى مصادر توليد الطاقة و كذلك نماذج من أدوار الطاقة المرتفعة التي تذكرك باستعادة حيوية الطفولة و كيفية الموازنة بين مسؤوليات العمل الجسيمة و بين اللعب و كيف يتم توزيع فترات الراحة التي تجدد الطاقة على مدار يوم عملك و كذا تحديد هذه الفترات في أربع أوقات من أجل تجديد الطاقة و مناقشة اكتشاف نصف الدماغ الذي يسيطر على تفكيرك و تصرفاتك و صلته بالطاقة و كذلك ازدواجية استخدام نصفي الدماغ مقابل التكامل بين نصفي الدماغ و أخيرا أعراض نفاد الطاقة. | ||
| 653 | _aإدارة الأعمال | ||
| 653 | _aإدارة الأفراد | ||
| 653 | _aالتفكير | ||
| 700 |
_aإصلاح، علا أحمد _eمؤلف ثانوي |
||
| 942 | _cكتاب | ||
| 999 |
_c45310 _d45310 |
||